| 000 | 00462nam a2200181Ia 4500 | ||
|---|---|---|---|
| 008 | 131103s9999 xx 000 0 und d | ||
| 040 | _aLoreto College | ||
| 041 | _aEnglish | ||
| 082 |
_aF/COR _bLCBED/8542 |
||
| 100 | _aCorman, Avery | ||
| 245 |
_aKramer V. Kramer _cAvery Corman |
||
| 260 |
_aGreat Britain _bFontana _c1981 |
||
| 300 |
_a191p. _c 20cm. |
||
| 650 | _aKramer V. Kramer | ||
| 651 | _aEnglish fiction | ||
| 850 | _aLCBED/F/COR | ||
| 942 | _cBK | ||
| 999 |
_c32259 _d82738 |
||